Derecho de las obligaciones con propuestas de modernizacin̤ Tomo III

Bibliographic Details
Main Author: Castro De Cifuentes, Marcela
Format: eBook
Language:Spanish
Published: Bogot:̀ Universidad de Los Andes (Colombia), 2018
Subjects:
Online Access:Acceso restringido

MARC

LEADER 00000nam a22000007a 4500
005 20190512160435.0
007 cr|||| ||||
008 190512s2018 co |||||s|||| 00||0 spa d
020 |a 978-958-35-1187-5 
035 |a 23327 
040 |a vLex 
090 |c 8685  |d 8685 
100 1 |a Castro De Cifuentes, Marcela 
245 1 0 |a Derecho de las obligaciones con propuestas de modernizacin̤  |h [Recurso electrn̤ico] /  |c Marcela Castro De Cifuentes  |n Tomo III 
256 |a Servicio en ln̕ea 
260 |a Bogot:̀  |b Universidad de Los Andes (Colombia),  |c 2018 
300 |a 1 recurso electrn̤ico 
500 |a Derecho de las obligaciones, obra en cuatro tomos, aborda en profundidad los temas ms̀ relevantes de esta disciplina, sin duda pilar del derecho privado patrimonial.El libro recoge las contribuciones de ms̀ de cuarenta autores, todos ellos notables exponentes en la docencia, la investigacin̤, la judicatura y el ejercicio profesional. En cada uno de los capt̕ulos se revisan, con apoyo en la doctrina y la jurisprudencia, las instituciones relevantes que explican el concepto y los elementos de la relacin̤ obligatoria, sus distintas clases, sus fuentes, sus efectos, sus mecanismos de transmisin̤ y los modos como se extinguen las obligaciones y abordan las problemt̀icas y los interrogantes propios de cada tema. En esta segunda edicin̤ los autores presentan, adems̀, sus propuestas para la modernizacin̤ de las obligaciones en un esfuerzo encaminado a unificar, actualizar y mejorar el derecho civil y comercial en Colombia.Con esta obra, que ha estado al cuidado de la profesora Marcela Castro, la Facultad de Derecho de la Universidad de los Andes presenta un trabajo con el cual quiere hacer un aporte significativo a la literatura cientf̕ica en el campo del derecho, que servir ̀de gua̕ acadm̌ica para la enseąnza y el aprendizaje de las nuevas generaciones de juristas y como texto especializado de consulta obligatoria para todos aquellos interesados en el derecho privado.La autora es profesora Titular de la Facultad de Derecho de la Universidad de los Andes, docente e investigadora de obligaciones, contratos y derecho comercial. 
506 1 |a Disponible solo en los productos indicados  |d vLex Global  |d vLex Global (Academic Edition, excluding Law Schools)  |d vLex Global (U.S. Academic Edition, Law Schools)  |d vLex Global (U.S. Academic Edition, excluding Law Schools)  |d vLex Global (Academic Edition, Law Schools) 
650 0 4 |a Obligaciones y Contratos  |z Colombia 
740 0 |a vLex Libros (Servicio en ln̕ea) 
856 4 0 |u http://vlex.com/source/derecho-de-las-obligaciones-con-propuestas-de-modernizacion-tomo-iii-23327  |z Acceso restringido 
942 |c BOOK 
999 0 |a Obligations and Contracts